CBSE QUESTION BANK-10 (SOCIAL SCIENCE) (Record no. 12751)

MARC details
000 -LEADER
fixed length control field 00262nam a22000977a 4500
008 - FIXED-LENGTH DATA ELEMENTS--GENERAL INFORMATION
fixed length control field 250424b |||||||| |||| 00| 0 eng d
020 ## - INTERNATIONAL STANDARD BOOK NUMBER
International Standard Book Number 9789362390370
100 ## - MAIN ENTRY--PERSONAL NAME
Personal name Oswaal
9 (RLIN) 7599
245 ## - TITLE STATEMENT
Title CBSE QUESTION BANK-10 (SOCIAL SCIENCE)
260 ## - PUBLICATION, DISTRIBUTION, ETC. (IMPRINT)
Place of publication, distribution, etc. New Delhi
Name of publisher, distributor, etc. Oswaal books
Holdings
Withdrawn status Lost status Source of classification or shelving scheme Damaged status Koha normalized classification for sorting Not for loan Home library Current library Shelving location Date acquired Total Checkouts Total Renewals Full call number Barcode Checked out Date last seen Date last checked out Price effective from Koha item type
    Dewey Decimal Classification   OSW_300_000000000000000   Good Samaritan School Library Good Samaritan School Library Social Science 04/24/2025 10 7 OSW300 OSW18121 03/11/2026 02/25/2026 02/25/2026 04/24/2025 BOOK

Powered by Koha